5HLuxD.jpg

KING HENRY VIII SENIOR AND PRIMARY SCHOOL LIBRARY OPAC

Theseus and the Minotaur ; (Record no. 1665)

000 -LEADER
fixed length control field 01441pam a2200385 i 4500
001 - CONTROL NUMBER
control field 018494701
003 - CONTROL NUMBER IDENTIFIER
control field Uk
005 - DATE AND TIME OF LATEST TRANSACTION
control field 20230118090526.0
008 - FIXED-LENGTH DATA ELEMENTS--GENERAL INFORMATION
fixed length control field 170704s2017 enka j 000|0|eng|d
015 ## - NATIONAL BIBLIOGRAPHY NUMBER
National bibliography number GBB7F8360
Source bnb
016 7# - NATIONAL BIBLIOGRAPHIC AGENCY CONTROL NUMBER
Record control number 018494701
Source Uk
020 ## - INTERNATIONAL STANDARD BOOK NUMBER
International Standard Book Number 9781406371574 (pbk.) :
040 ## - CATALOGING SOURCE
Original cataloging agency StDuBDS
Language of cataloging eng
Transcribing agency StDuBDS
Modifying agency Uk
-- KH8
Description conventions rda
042 ## - AUTHENTICATION CODE
Authentication code ukblcatcopy
082 04 - DEWEY DECIMAL CLASSIFICATION NUMBER
Classification number 398.2093802 WIL
Edition number 23
100 1# - MAIN ENTRY--PERSONAL NAME
Personal name Williams, Marcia,
Dates associated with a name 1945-
Relator term author,
-- illustrator.
240 10 - UNIFORM TITLE
Uniform title Works.
Form subheading Selections
245 10 - TITLE STATEMENT
Title Theseus and the Minotaur ;
Remainder of title &, Arachne versus Athene /
Statement of responsibility, etc. Marcia Williams.
264 #1 - PRODUCTION, PUBLICATION, DISTRIBUTION, MANUFACTURE, AND COPYRIGHT NOTICE
Place of production, publication, distribution, manufacture London :
Name of producer, publisher, distributor, manufacturer Walker Books and Subsidiaries,
Date of production, publication, distribution, manufacture, or copyright notice 2017.
300 ## - PHYSICAL DESCRIPTION
Extent 62 pages :
Other physical details illustrations (black and white) ;
Dimensions 20 cm
336 ## - CONTENT TYPE
Content type term text
Source rdacontent
336 ## - CONTENT TYPE
Content type term still image
Source rdacontent
337 ## - MEDIA TYPE
Media type term unmediated
Source rdamedia
338 ## - CARRIER TYPE
Carrier type term volume
Source rdacarrier
500 ## - GENERAL NOTE
General note Originally published: as part of Greek myths. 1991.
500 ## - GENERAL NOTE
General note Formerly CIP.
Institution to which field applies Uk
600 00 - SUBJECT ADDED ENTRY--PERSONAL NAME
Personal name Theseus,
Titles and other words associated with a name King of Athens
Form subdivision Juvenile literature.
600 00 - SUBJECT ADDED ENTRY--PERSONAL NAME
Personal name Minotaur
Titles and other words associated with a name (Greek mythological character)
Form subdivision Juvenile literature.
600 00 - SUBJECT ADDED ENTRY--PERSONAL NAME
Personal name Athena
Titles and other words associated with a name (Greek deity)
Form subdivision Juvenile literature.
650 #0 - SUBJECT ADDED ENTRY--TOPICAL TERM
Topical term or geographic name entry element Minotaur (Greek mythology)
Form subdivision Juvenile literature.
650 #0 - SUBJECT ADDED ENTRY--TOPICAL TERM
Topical term or geographic name entry element Arachne (Greek mythology)
Form subdivision Juvenile literature.
700 12 - ADDED ENTRY--PERSONAL NAME
Personal name Williams, Marcia,
Dates associated with a name 1945-
Title of a work Arachne versus Athene.
Relator term author
700 1# - ADDED ENTRY--PERSONAL NAME
Personal name Williams, Marcia,
Dates associated with a name 1945-
Title of a work Greek myths.
942 ## - ADDED ENTRY ELEMENTS (KOHA)
Source of classification or shelving scheme
Koha item type Books - Non Ficton
Holdings
Withdrawn status Lost status Source of classification or shelving scheme Damaged status Not for loan Collection code Permanent Location Current Location Shelving location Date acquired Total Checkouts Full call number Barcode Date last seen Date last checked out Price effective from Koha item type
          Non-Fiction KH8 Primary School Library KH8 Primary School Library Non Fiction 2023-01-18 6 398.2093802 WIL KHPL000003423 2025-12-05 2023-09-26 2023-01-18 Books - Non Ficton

Powered By KH8 IT Dept